书目信息 |
| 题名: |
高老头
|
|
| 作者: | 巴尔扎克 著 ;王小丽 译 | |
| 分册: | ||
| 出版信息: | 新疆 伊犁人民出版社 2000.11 |
|
| 页数: | 189页 | |
| 开本: | 21cm | |
| 丛书名: | 世界名著百部 | |
| 单 册: | ||
| 中图分类: | I565.44 | |
| 科图分类: | ||
| 主题词: | 小说--文学--法国 | |
| 电子资源: | ||
| ISBN: | 7-5425-0549-1 | |
| 000 | 00865nam 2200253 450 | |
| 001 | 0163113147 | |
| 005 | 20050913092431.67 | |
| 010 | @a7-5425-0549-1@dCNY7.00 | |
| 100 | @a20041218d2000 km y0chiy0120 ea | |
| 101 | 1 | @achi@cfre |
| 102 | @aCN@b650000 | |
| 105 | @ay z 000ay | |
| 200 | 1 | @a高老头@Agao lao tou@f巴尔扎克著@Fba er zha ke zhu@g王小丽译@Gwang xiao li yi |
| 210 | @a新疆@c伊犁人民出版社@d2000.11 | |
| 215 | @a189页@d21cm | |
| 225 | 2 | @a世界名著百部@v051 |
| 330 | @a本书是世界名著小说。是法国批判现实主义作家的一部优秀作品,他用心灵的感触勾画了大量同时代的人物形象,记录了法国上流社会的各种人物生活及其思想。 | |
| 410 | 0 | @12001 @a世界名著百部 |
| 606 | 0 | @a小说@x文学@y法国 |
| 690 | @aI565.44@v4 | |
| 701 | 1 | @a巴尔扎克@Aba er zha ke@4著 |
| 702 | 0 | @a王小丽@Awang xiao li@4译 |
| 801 | 0 | @aCN@bQSSK@c20050913 |
| 905 | @a10447@dI565.44@eB029 | |
| 高老头/巴尔扎克著/王小丽译.-新疆:伊犁人民出版社,2000.11 |
| 189页;21cm.-(世界名著百部;051) |
| ISBN 7-5425-0549-1:CNY7.00 |
| 本书是世界名著小说。是法国批判现实主义作家的一部优秀作品,他用心灵的感触勾画了大量同时代的人物形象,记录了法国上流社会的各种人物生活及其思想。 |
| ● |
| 相关链接 |
|
|
|
正题名:高老头
索取号:I565.44/B029
 
预约/预借
| 序号 | 登录号 | 条形码 | 馆藏地/架位号 | 状态 | 备注 |
| 1 | 563339 | 205633395 | 社科二线400B/400B社科库 13排2列1层/ [索取号:I565.44/B029] | 在馆 | |
| 2 | 563340 | 205633402 | 社科二线400B/400B社科库 30排1列1层/ [索取号:I565.44/B029] | 在馆 | |
| 3 | 563341 | 205633411 | 社科二线400B/400B社科库 30排1列1层/ [索取号:I565.44/B029] | 在馆 |